00425nam a22001452 4500001001100000005001700011008004100028040001500069245008900084250001300173260004500186300001100231651003400242852000300276000000975520151217155843.0081126s xx 000 0 eng d aKABUcKABU10aMombasa :ba guide to Mombasa and surroundings /ccompiled by Beatrix L. Bellingham. a3rd ed. aMombasa, Kenya :bMombasa Times,c[n.d.] a53 p. 0aMombasaxHistory.@00001494941